Anima Christi oratio Sti Ignatii de Loyola /

Hlavní autor: Blabla, Jan, 1929-
Další autoři: Ignác z Loyoly, svatý, 1491-1556
Jazyk: Latina
Vydáno: Praha : Spectrum, 2008
Vydání: 2. vyd.
Edice: Musica sacra
Témata:
Fyzický popis: 1 partitura (16 s.) + 6 hlasů ; 29 cm
Hudebniny Hudebniny
Uloženo v:
LEADER 01414ncm a2200397 a 4500
001 000929943
003 CZ BrMZK
005 20160923090709.0
008 090211s2008 xr ccaeg | lat d
024 2 |a 979-0-706531-12-0  |q (brož.) 
028 2 1 |a 0802076  |b Spectrum 
040 |a BOA001  |b cze 
041 0 |a lat  |g cze  |g eng 
048 |a ca01  |a kb01 
072 7 |a 784  |x Vokální hudba  |2 Konspekt  |9 9 
080 |a 783  |2 MRF 
080 |a 78.087.684  |2 MRF 
080 |a 78.089.6.087  |2 MRF 
100 1 |a Blabla, Jan,  |d 1929-  |7 jn20000400182  |4 cmp 
240 1 0 |a Anima Christi 
245 1 0 |a Anima Christi  |h [hudebnina] :  |b oratio Sti Ignatii de Loyola /  |c Jan Blabla 
250 |a 2. vyd. 
260 |a Praha :  |b Spectrum,  |c 2008 
300 |a 1 partitura (16 s.) + 6 hlasů ;  |c 29 cm 
490 1 |a Musica sacra 
650 0 7 |a duchovní hudba  |7 ph114372  |z Česko  |y 20.-21. stol.  |2 czenas 
650 0 4 |a modlitby (smíšený sbor, trubka (3), trombon (2), varhany, tympány) 
650 0 7 |a smíšené sbory  |7 ph291750  |z Česko  |y 20.-21. stol.  |2 czenas 
650 0 7 |a duchovní hudba  |7 ph114372  |2 czenas 
655 7 |a partitury a hlasy  |7 fd186702  |2 czenas 
700 0 |a Ignác z Loyoly,  |c svatý,  |d 1491-1556  |7 jn20000700771  |4 lyr 
830 0 |a Musica sacra 
910 |a BOA001  |b Mus4-1216.633 
990 |a MU 
991 |b 200902  |c NOV 
996 6 |b 2610366730  |c Mus4-1216.633  |l MZK  |r Sklad / do 1 hodiny  |n 1  |w 000929943  |u 000010  |a 1  |e BOA001  |j MZK50  |s P